000
00281nam a22001337a 4500
008
170401b xxu||||| |||| 00| 0 eng d
020
_a
9780176055523
041
_a
eng
080
_a
574
100
_a
8
101
_a
SHM
245
_a
OUR ENVIRONMENT
_c
DRAPER, D
942
_2
udc
_c
BK
999
_c
9403
_d
9403